000 00930nam a22002777a 4500
003 OSt
005 20150408114046.0
008 120623s2005 stka f |||| 00| 0 eng d
020 _a9780443101496
020 _a0443101493
040 _cMU
082 0 4 _221
_a618
_bM B O
100 1 _aMagowan, Brian.
_915878
245 1 0 _aObstetrics and gynaecology
_c Brian Magowan.
250 _a3rd ed.
260 _aEdinburgh ;
_aNew York :
_bElsevier Churchill Livingstone,
_c2005.
300 _a [xvi], 359 p. :
_bill. ;
_c19 cm.
490 _aChurchill's pocketbooks
500 _aIncludes index.
500 _aRev. ed. of: Churchill's pocketbook of obstetrics and gynaecology. 2000.
650 4 _aGynecology
_vHandbooks, manuals, etc.
_916194
650 4 _aObstetrics
_vHandbooks, manuals, etc.
_916195
700 1 _a Magowan, Brian.
_916193
740 0 2 _aChurchill's pocketbooks of obstetrics and gynaecology
942 _2ddc
_cDVD
999 _c24239
_d258739